UBT Library

Stereotactic techniques in clinical neurosurgery / (Record no. 47255)

000 -LEADER
fixed length control field 00603cam a2200229 a 4500
001 - CONTROL NUMBER
control field 3805908
005 - DATE AND TIME OF LATEST TRANSACTION
control field 20180822073456.0
008 - FIXED-LENGTH DATA ELEMENTS--GENERAL INFORMATION
fixed length control field 850910s1986 au a b 001 0 eng c
010 ## - LIBRARY OF CONGRESS CONTROL NUMBER
LC control number 85022260
020 ## - INTERNATIONAL STANDARD BOOK NUMBER
International Standard Book Number 0387818782 (U.S.)
040 ## - CATALOGING SOURCE
Original cataloging agency DNLM/DLC
Transcribing agency DLC
Modifying agency DLC
041 ## - LANGUAGE CODE
Language code of text/sound track or separate title eng
060 ## - NATIONAL LIBRARY OF MEDICINE CALL NUMBER
Classification number WL 368 B742s
080 ## - UNIVERSAL DECIMAL CLASSIFICATION NUMBER
Universal Decimal Classification number 617.48
082 00 - DEWEY DECIMAL CLASSIFICATION NUMBER
Classification number 617.48
Edition number 19
100 1# - Rafti
Rafti 7
101 ## - Shkurtesa
Shkurtesa NEU
245 10 - TITLE STATEMENT
Title Stereotactic techniques in clinical neurosurgery /
Statement of responsibility, etc D. Andries Bosch.
504 ## - BIBLIOGRAPHY, ETC. NOTE
Bibliography, etc Bibliography: p. [250]-272.
906 ## - LOCAL DATA ELEMENT F, LDF (RLIN)
a 7
b cbc
c orignew
d 1
e ocip
f 19
g y-gencatlg
942 ## - ADDED ENTRY ELEMENTS (KOHA)
Source of classification or shelving scheme
Item type Books
Holdings
Withdrawn status Lost status Source of classification or shelving scheme Damaged status Not for loan Permanent location Current location Date acquired Total Checkouts Full call number Barcode Date last seen Price effective from Koha item type
          UBT - Lipjan UBT - Lipjan 08/22/2018   617.48 bos 002-3011315 08/22/2018 08/22/2018 Books
UBT Library © 2015-2024. All rights reserved University Education for Business and Technology